Ein christlicher Heide: vor 125 Jahren wurde Werner Bergengruen geboren
| Titel: | Ein christlicher Heide: vor 125 Jahren wurde Werner Bergengruen geboren / Eckhard Lange |
|---|---|
| Verfasser: | |
| In: |
Baltische Briefe, Band 70, Heft 11 (829) (2017), Seite 5-6 alle Artikel anzeigen |
| Veröffentlicht: | 2017 |
| Umfang: | Illustration |
| Format: | Aufsatz |
| Sprache: | Deutsch |
X
alg: 42532150 001A $03025:31-01-18 001B $01999:31-01-18 $t23:06:44.000 001C $03025:31-01-18 $t09:55:57.000 001D $03025:31-01-18 001U $0utf8 001X $00 002@ $0Aou 002C $aText $btxt $2rdacontent 002D $aohne Hilfsmittel zu benutzen $bn $2rdamedia 002E $aBand $bnc $2rdacarrier 003@ $0425321509 007A $0425321509 $aHEB 010@ $ager 010E $erda 011@ $a2017 021A $aEin @christlicher Heide: vor 125 Jahren wurde Werner Bergengruen geboren $hEckhard Lange 028A $BVerfasser $4aut $7 $8Lange, Eckehard [Tnd] $9146075730 031A $d70 $e11 (829) $h5-6 $j2017 034M $aIllustration 039B $aEnthalten in $8--Abvc--. Baltische Briefe. - Großhansdorf : Verl. Balt. Briefe, 1948-. - ISSN 0005-4526 $x201700000700011995 $9047806486 044K $#Bergengruen, Werner $#Bergengruen, Werner Max Oskar Paul $#Bergengrīns, Verners $#Bergengruen-Schneider, ... $#Bergengrün, Werner $#Bergengruen-Schneider, Werner $#Birgingrūn, Wirnir $#베르겐그륀, 베르너 $711850939X $8Bergengruen, Werner$Z1892-1964 [Tp1] $9086850520 044K $#Veremundus $#Muth, Karl $#Muth, Carl Borromäus Johann Baptist $7118989820 $8Muth, Carl$Z1867-1944 [Tp1] $9087330105 044K $#Riga $#Rīga $#Ryga $#Riega $#Riga in Lieffland $#Rigae Livonum $#Rygae $#Righa $74050042-1 $8Riga [Tg1] $9085139726 044K $RAutor $RLiteratur $RSchriftstellerin $#Novelists $#Romanciers $#Authors $#Écrivains $#Dichter $#Literaturproduzent $#Literat $#Homme de lettres $74053309-8 $8Schriftsteller [Tsz] $9085148040 044K $RFaschismus $RDrittes Reich $#National socialism $#National-socialisme $#Nazionalsocialismo $#Nacionalsocialismo $#National Socialism $#Faschismus $#Nationalsozialismus $#NS $74041316-0 $8Nationalsozialismus [Tsz] $908511314X 044K $RKombattant $ROpposition $RWiderstandskämpfer $RProtest $#Government, Resistance to $#Underground movements, War $#Résistance politique $#Mouvements de résistance $#Politischer Widerstand $#Widerstand $#Widerstandsbewegung $#Politischer Widerstand $#Widerstandsbewegung $74079262-6 $8Widerstand [Ts1] $9085225177 045R $aGeschichte 1892-1964 045T $a7,44 lok: 42532150 78 exp: 42532150 78 1 #EPN 201B/01 $031-01-18 $t09:52:53.000 201C/01 $031-01-18 201U/01 $0utf8 203@/01 $01016975112 208@/01 $a31-01-18 $be 209A/01 $a/ $f000 $x00 209A/01 $ab*p $x01 220C/01 $akoe 247C/01 $82080>Marburg/Lahn, Herder-Institut, Forschungsbibliothek, Bibliographieportal $9336309341
| LEADER | 00000caa a2200000 c 4500 | ||
|---|---|---|---|
| 001 | 425321509 | ||
| 003 | DE-603 | ||
| 005 | 20180131230644.0 | ||
| 007 | tu | ||
| 008 | 180131s2017 xx |||| | u00||u|ger c | ||
| 035 | |a (DE-599)HEB425321509 | ||
| 040 | |a DE-603 |b ger |c DE-603 |d DE-603 |e rda | ||
| 041 | |a ger | ||
| 084 | |a 7,44 |2 ssgn | ||
| 100 | 1 | |a Lange, Eckehard |e Verfasser |4 aut |0 (DE-603)146075730 | |
| 245 | 0 | 0 | |a Ein christlicher Heide: vor 125 Jahren wurde Werner Bergengruen geboren |c Eckhard Lange |
| 264 | 0 | |c 2017 | |
| 300 | |b Illustration | ||
| 336 | |a Text |b txt |2 rdacontent | ||
| 337 | |a ohne Hilfsmittel zu benutzen |b n |2 rdamedia | ||
| 338 | |a Band |b nc |2 rdacarrier | ||
| 600 | 1 | 7 | |a Bergengruen, Werner |d 1892-1964 |0 (DE-588)11850939X |0 (DE-603)086850520 |2 gnd |
| 600 | 1 | 7 | |a Muth, Carl |d 1867-1944 |0 (DE-588)118989820 |0 (DE-603)087330105 |2 gnd |
| 648 | 7 | |a Geschichte 1892-1964 |2 gnd | |
| 650 | 7 | |a Schriftsteller |0 (DE-588)4053309-8 |0 (DE-603)085148040 |2 gnd | |
| 650 | 7 | |a Nationalsozialismus |0 (DE-588)4041316-0 |0 (DE-603)08511314X |2 gnd | |
| 650 | 7 | |a Widerstand |0 (DE-588)4079262-6 |0 (DE-603)085225177 |2 gnd | |
| 651 | 7 | |a Riga |0 (DE-588)4050042-1 |0 (DE-603)085139726 |2 gnd | |
| 773 | 0 | 8 | |i Enthalten in |t Baltische Briefe |d Großhansdorf : Verl. Balt. Briefe, 1948- |x 0005-4526 |g Band 70, Heft 11 (829) (2017), Seite 5-6 |w (DE-603)047806486 |w (DE-600)536488-7 |
| 924 | 0 | |9 2080 |a (DE-603)1016975112 |b DE-2080 |c HES |d d |g / | |


